[Event "17th Africa-ch"]
[Site "Lagos NGR"]
[Date "2022.09.18"]
[Round "1"]
[White "Rehan, Deng Cypriano"]
[Black "Amin, Bassem"]
[Result "0-1"]
[WhiteElo "2145"]
[BlackElo "2663"]
[EventDate "2022.09.18"]
[PlyCount "94"]

1.e4 e5 2.Nf3 Nc6 3.Bc4 Nf6 4.d4 exd4 5.e5 d5 6.Bb5 Ne4 7.Nxd4 Bd7 8.Nxc6 
bxc6 9.Bd3 Qh4 10.O-O Bc5 11.Bxe4 Qxe4 12.Nc3 Qg6 13.Bf4 Bf5 14.Rc1 O-O 
15.Bg3 Rab8 16.Na4 Be7 17.c3 h5 18.Qd4 c5 19.Qe3 h4 20.Bf4 c4 21.Rfe1 h3 
22.Qg3 Bd7 23.b3 cxb3 24.axb3 Rxb3 25.Ra1 Ra3 26.Rxa3 Bxa3 27.e6 Bxa4 28.
Qxg6 fxg6 29.Bxc7 Bc5 30.Bg3 Re8 31.Bh4 Bd7 32.e7 Kf7 33.gxh3 Bxe7 34.Bxe7
Rxe7 35.Ra1 Bb5 36.Kg2 a6 37.Kf3 Rc7 38.Ra3 Rc4 39.Kg3 g5 40.Rb3 Ke6 41.f3
Kd6 42.Kf2 Kc5 43.Kg3 a5 44.Kf2 a4 45.Ra3 Rh4 46.Kg2 Kc4 47.Kg3 Kd3 0-1

[Event "17th Africa-ch"]
[Site "Lagos NGR"]
[Date "2022.09.18"]
[Round "1"]
[White "Adly, Ahmed"]
[Black "Lapite, Oluwadurotimi"]
[Result "1-0"]
[WhiteElo "2578"]
[BlackElo "2136"]
[EventDate "2022.09.18"]
[PlyCount "57"]

1.d4 Nf6 2.Nc3 d5 3.Bf4 a6 4.f3 e6 5.g4 c5 6.e3 Nc6 7.Qd2 Be7 8.h4 b5 9.h5
Qa5 10.Nge2 Bb7 11.g5 Nd7 12.Bh3 b4 13.Nd1 Qd8 14.Rg1 a5 15.Nf2 Ba6 16.g6 
hxg6 17.hxg6 f5 18.O-O-O c4 19.e4 c3 20.Qe3 cxb2+ 21.Kb1 b3 22.cxb3 a4 23.
exd5 axb3 24.dxc6 bxa2+ 25.Kxb2 a1=Q+ 26.Rxa1 Nb6 27.Qxe6 Nc4+ 28.Kc2 Qb6 
29.Qf7+ 1-0

[Event "17th Africa-ch"]
[Site "Lagos NGR"]
[Date "2022.09.18"]
[Round "1"]
[White "De Gondo, Simplice Armel"]
[Black "Rakotomaharo, Fy Antenaina"]
[Result "0-1"]
[WhiteElo "2119"]
[BlackElo "2492"]
[EventDate "2022.09.18"]
[PlyCount "54"]

1.e4 c5 2.Nf3 Nc6 3.d4 cxd4 4.Nxd4 e5 5.Nb5 d6 6.N1c3 a6 7.Na3 Be7 8.Be3 
Nf6 9.Nd5 Nxd5 10.exd5 Nd4 11.Bxd4 exd4 12.Qxd4 O-O 13.O-O-O Bf6 14.Qd2 b5
15.Bd3 Bg4 16.Rde1 Rc8 17.Kb1 Rc5 18.c3 g6 19.h3 Bd7 20.Be4 a5 21.Nc2 b4 
22.cxb4 Qb6 23.Rc1 Rb8 24.Ne3 Qxb4 25.Qxb4 Rbb5 26.Qxc5 Rxc5 27.Rxc5 dxc5 
0-1

[Event "17th Africa-ch"]
[Site "Lagos NGR"]
[Date "2022.09.18"]
[Round "1"]
[White "Ortega, Amarelle Mariano"]
[Black "Emmanuel, Joy Idara"]
[Result "1-0"]
[WhiteElo "2474"]
[BlackElo "2116"]
[EventDate "2022.09.18"]
[PlyCount "63"]

1.d4 Nf6 2.c4 g6 3.Nc3 Bg7 4.e4 O-O 5.Be2 d6 6.Be3 e5 7.d5 a5 8.g4 Na6 9.
g5 Nd7 10.h4 Nac5 11.h5 gxh5 12.Bf1 f5 13.Qxh5 f4 14.Qxh7+ Kf7 15.Qh5+ Ke7
16.Bxc5 Nxc5 17.Qg6 Rf7 18.O-O-O Bd7 19.Bh3 f3 20.Bf5 Qf8 21.Rh7 Kd8 22.
Be6 Re7 23.Bxd7 Rxd7 24.Nxf3 Qxf3 25.Rxg7 Rxg7 26.Qxg7 Nd3+ 27.Rxd3 Qxd3 
28.Qf8+ Kd7 29.Qxa8 Qf1+ 30.Kd2 Qxf2+ 31.Ne2 Qg2 32.Qg8 1-0

[Event "17th Africa-ch"]
[Site "Lagos NGR"]
[Date "2022.09.18"]
[Round "1"]
[White "Etukakpan, Leonard"]
[Black "Hesham, Abdelrahman"]
[Result "0-1"]
[WhiteElo "2113"]
[BlackElo "2374"]
[EventDate "2022.09.18"]
[PlyCount "64"]

1.d4 Nf6 2.Nf3 c5 3.c4 cxd4 4.Nxd4 Nc6 5.Nc3 e6 6.Ndb5 Bc5 7.Nd6+ Ke7 8.
Nde4 Nxe4 9.Nxe4 Bb4+ 10.Bd2 d5 11.Bxb4+ Nxb4 12.Qa4 Qb6 13.c5 Nd3+ 14.
exd3 Qxb2 15.Rd1 dxe4 16.dxe4 Qc3+ 17.Rd2 Rd8 18.Qc2 Qa1+ 19.Qd1 Qxd1+ 20.
Kxd1 Bd7 21.Ke1 Rac8 22.Rb2 Rxc5 23.Rxb7 Rc1+ 24.Ke2 Kf6 25.f4 Bc6 26.e5+ 
Kg6 27.Rb2 Kf5 28.Ke3 Rc3+ 29.Kf2 Kxf4 30.Ba6 Kxe5 31.Re2+ Kf6 32.Rb1 Rd4 
0-1

[Event "17th Africa-ch"]
[Site "Lagos NGR"]
[Date "2022.09.18"]
[Round "1"]
[White "Phiri, Richmond"]
[Black "Manyang, Peter Majur"]
[Result "1-0"]
[WhiteElo "2351"]
[BlackElo "2111"]
[EventDate "2022.09.18"]
[PlyCount "125"]

1.d4 Nf6 2.Nf3 d5 3.c4 e6 4.Nc3 a6 5.cxd5 Nxd5 6.e4 Nxc3 7.bxc3 c5 8.Bd3 
cxd4 9.cxd4 Bb4+ 10.Bd2 Qa5 11.O-O Bxd2 12.Nxd2 O-O 13.Nc4 Qd8 14.e5 Nc6 
15.Nd6 h6 16.Be4 Qb6 17.Bxc6 Qxc6 18.Qd2 b5 19.Rfc1 Qd7 20.Qa5 Qa7 21.Rc7 
Qxd4 22.Rac1 Qxe5 23.Nxc8 Re8 24.Qb6 Kh7 25.Qc6 Rd8 26.g3 Rb8 27.Qf3 f5 
28.R7c5 Qf6 29.Na7 Rd2 30.Nc6 Rc8 31.a3 Qb2 32.Re1 Rd6 33.Kg2 Qf6 34.Rec1 
Qf8 35.Ne5 Rxc5 36.Rxc5 Rd4 37.Qc3 Ra4 38.h4 Qa8+ 39.Nf3 Qf8 40.h5 Rc4 41.
Rxc4 bxc4 42.Qxc4 Qxa3 43.Qxe6 Qd3 44.Ne5 Qe4+ 45.Kh2 a5 46.Qg6+ Kg8 47.
Qf7+ Kh7 48.Nd7 Kh8 49.Qf8+ Kh7 50.Qd8 Qb4 51.Nf8+ Kg8 52.Ng6+ Kf7 53.Qd5+
Ke8 54.Ne5 Qa4 55.Qf7+ Kd8 56.Qxg7 Qb5 57.Nf7+ Ke7 58.Nxh6+ Kd6 59.Qf6+ 
Kc7 60.Nxf5 Qe2 61.Qe7+ Qxe7 62.Nxe7 Kd6 63.h6 1-0

[Event "17th Africa-ch"]
[Site "Lagos NGR"]
[Date "2022.09.18"]
[Round "1"]
[White "Onokpite, Kennedy"]
[Black "Silva, David"]
[Result "0-1"]
[WhiteElo "2095"]
[BlackElo "2315"]
[EventDate "2022.09.18"]
[PlyCount "64"]

1.e4 c5 2.Nc3 Nc6 3.Bb5 e6 4.Bxc6 bxc6 5.d3 d5 6.f4 Bd6 7.Qg4 g6 8.Qe2 Ne7
9.Nf3 c4 10.O-O cxd3 11.cxd3 Ba6 12.Rd1 O-O 13.Qc2 c5 14.Qf2 d4 15.Ne2 Nc6
16.f5 exf5 17.exf5 Qf6 18.Ng5 Qxf5 19.Qxf5 gxf5 20.Bf4 Ne5 21.Bxe5 Bxe5 
22.Rac1 Rac8 23.Nf3 Bc7 24.Kf2 Rfe8 25.Ng3 Bf4 26.Rc2 Be3+ 27.Kf1 c4 28.
Nd2 cxd3 29.Rxc8 Bxc8 30.Nc4 d2 31.a4 f4 32.Nh1 Bg4 0-1

[Event "17th Africa-ch"]
[Site "Lagos NGR"]
[Date "2022.09.18"]
[Round "1"]
[White "Beukes, Dante M."]
[Black "Onovughe, Ochuko Emmanuel"]
[Result "1-0"]
[WhiteElo "2295"]
[BlackElo "2087"]
[EventDate "2022.09.18"]
[PlyCount "61"]

1.e4 c5 2.Nf3 Nc6 3.Bb5 a6 4.Bxc6 bxc6 5.O-O d5 6.d3 e6 7.Nbd2 Nf6 8.c4 
Be7 9.Qc2 O-O 10.Re1 a5 11.Nf1 Qc7 12.Ng3 Ba6 13.e5 Nd7 14.Qe2 Nb6 15.b3 
a4 16.h4 Rfd8 17.Bg5 axb3 18.axb3 Bb7 19.Qe3 Rxa1 20.Rxa1 Ra8 21.Rxa8+ 
Nxa8 22.Nh5 Bf8 23.Qf4 h6 24.Bxh6 gxh6 25.Nf6+ Kh8 26.Qg3 Bg7 27.Ne8 f5 
28.Nxc7 Nxc7 29.Qg6 Kg8 30.h5 Bc8 31.Ng5 1-0

[Event "17th Africa-ch"]
[Site "Lagos NGR"]
[Date "2022.09.18"]
[Round "1"]
[White "Okemakinde, Toluwanimi"]
[Black "Ajibola, Olanrewaju"]
[Result "1-0"]
[WhiteElo "2083"]
[BlackElo "2285"]
[EventDate "2022.09.18"]
[PlyCount "153"]

1.e4 e5 2.Nf3 Nf6 3.Nxe5 d6 4.Nd3 Nxe4 5.Qe2 Qe7 6.Nf4 Nf6 7.d4 Qxe2+ 8.
Bxe2 Bf5 9.c3 Be7 10.f3 h5 11.Bd3 Bd7 12.h4 Nc6 13.Nd2 d5 14.Nf1 Bd6 15.
Ng3 g6 16.Kf2 O-O-O 17.Nh3 Bxh3 18.Rxh3 Rde8 19.Bg5 Nh7 20.Bd2 Nd8 21.b4 
Ne6 22.Ne2 Nf6 23.a4 c6 24.g3 Ng8 25.Rhh1 Nh6 26.Rhe1 Kd7 27.a5 a6 28.Nc1 
Ng7 29.Rxe8 Kxe8 30.Bxh6 Rxh6 31.Nb3 Ne6 32.f4 f5 33.Nd2 Be7 34.Nf3 Bf6 
35.Re1 Kd7 36.Re2 Rh8 37.Kf1 Rb8 38.Ra2 Ng7 39.Kf2 Ne8 40.Ra3 Nd6 41.Ra2 
Nb5 42.Bxb5 cxb5 43.Ke3 Re8+ 44.Kd3 Re4 45.Re2 Kd6 46.Nd2 Rxe2 47.Kxe2 Kc6
48.Nf3 b6 49.axb6 Kxb6 50.Kd3 a5 51.bxa5+ Kxa5 52.Ne5 Ka4 53.Nxg6 b4 54.
cxb4 Kxb4 55.Ne5 Kb5 56.Nf7 Kc6 57.Nh6 Kd7 58.Nxf5 Ke6 59.Ne3 Bd8 60.f5+ 
Kf6 61.Ke2 Ba5 62.Kf3 Bd2 63.Nxd5+ Kxf5 64.Nf4 Bc3 65.d5 Ke5 66.Nxh5 Kxd5 
67.g4 Ke5 68.Ng3 Bd2 69.g5 Ke6 70.Kg4 Kf7 71.h5 Kg7 72.Kf5 Kh7 73.Ne4 Bc1 
74.Nf6+ Kh8 75.Kg6 Bd2 76.Ng4 Bc3 77.Nh6 1-0

[Event "17th Africa-ch"]
[Site "Lagos NGR"]
[Date "2022.09.18"]
[Round "1"]
[White "Abdulraheem, Abdulrahman Akintoye"]
[Black "Eyetonghan, Denyefa Callistus"]
[Result "1/2-1/2"]
[WhiteElo "2277"]
[BlackElo "2079"]
[EventDate "2022.09.18"]
[PlyCount "165"]

1.d4 Nf6 2.c4 g6 3.Nc3 d5 4.cxd5 Nxd5 5.e4 Nxc3 6.bxc3 Bg7 7.Nf3 c5 8.Rb1 
O-O 9.Be2 b6 10.O-O Bb7 11.Qc2 cxd4 12.cxd4 Qc8 13.Qd3 Qg4 14.d5 f5 15.Ng5
Ba6 16.Qxa6 Nxa6 17.Bxg4 fxg4 18.Ba3 Bf6 19.Ne6 Rfc8 20.Rfc1 Kf7 21.Kf1 h5
22.Ke2 Be5 23.g3 Ke8 24.Ke3 Kd7 25.Kd2 Nc7 26.Rc6 Bd6 27.Rbc1 Nxe6 28.
dxe6+ Kd8 29.Bxd6 Rxc6 30.Rxc6 exd6 31.Rxd6+ Ke7 32.Rc6 Rf8 33.Ke2 Rf3 34.
Rc7+ Kxe6 35.Rxa7 Rc3 36.Ra6 Rc2+ 37.Ke3 Rb2 38.Ra3 Ke5 39.Rb3 Rxa2 40.
Rb5+ Kf6 41.Rxb6+ Kf7 42.Rd6 Ra1 43.Kf4 Ra2 44.Ke3 Ra1 45.e5 Rh1 46.Rf6+ 
Kg7 47.Kf4 Re1 48.Ra6 Re2 49.Ra7+ Kh6 50.Rb7 Rxf2+ 51.Ke4 Rxh2 52.e6 Re2+ 
53.Kd5 Kg5 54.Rf7 h4 55.gxh4+ Kxh4 56.e7 Kg5 57.Kd6 g3 58.Rf1 Kg4 59.Rf6 
Kg5 60.Rf1 g2 61.Rg1 Kf6 62.Rxg2 Re6+ 63.Kd5 Rxe7 64.Rf2+ Kg7 65.Rg2 Re1 
66.Kd4 Re8 67.Kd5 Re3 68.Kd4 Re6 69.Kd5 Kf7 70.Rg1 Rf6 71.Ke5 Rf5+ 72.Ke4 
Kf6 73.Ra1 Re5+ 74.Kf4 g5+ 75.Kf3 Rb5 76.Ra3 Kf5 77.Kg3 Rb1 78.Ra5+ Kg6 
79.Ra3 Kh5 80.Rc3 Rg1+ 81.Kh2 Rg4 82.Rh3+ Kg6 83.Ra3 1/2-1/2

[Event "17th Africa-ch"]
[Site "Lagos NGR"]
[Date "2022.09.18"]
[Round "1"]
[White "Ebosse, Kingue Victor Patrick"]
[Black "Adebayo, Adegboyega Joel"]
[Result "0-1"]
[WhiteElo "2075"]
[BlackElo "2267"]
[EventDate "2022.09.18"]
[PlyCount "64"]

1.e4 e6 2.d4 d5 3.Nc3 dxe4 4.Nxe4 Nd7 5.Bd3 Ngf6 6.Bg5 Be7 7.Nxf6+ Bxf6 8.
h4 c5 9.Nf3 cxd4 10.Nxd4 Qb6 11.Nb5 a6 12.Be3 Qc6 13.Nd4 Qxg2 14.Kd2 Qd5 
15.Ne2 Ne5 16.Nf4 Qa5+ 17.Ke2 Bd7 18.Rh3 Rc8 19.Kf1 Nxd3 20.Nxd3 Qf5 21.
Rg3 Bb5 22.Kg1 Rd8 23.Bb6 Rd6 24.Bc5 Rd5 25.Be3 O-O 26.a4 Bxd3 27.cxd3 
Rxd3 28.Qc2 Rxe3 29.Qxf5 Rxg3+ 30.fxg3 exf5 31.Rf1 g6 32.Rf4 Rd8 0-1

[Event "17th Africa-ch"]
[Site "Lagos NGR"]
[Date "2022.09.18"]
[Round "1"]
[White "Lungu, Nase"]
[Black "Chimthere, Alfred Charles"]
[Result "1-0"]
[WhiteElo "2261"]
[BlackElo "2027"]
[EventDate "2022.09.18"]
[PlyCount "111"]

1.c4 e5 2.Nc3 Nf6 3.Nf3 Nc6 4.e3 Bb4 5.Qc2 O-O 6.a3 Bxc3 7.Qxc3 Re8 8.b4 
d6 9.b5 Ne7 10.Be2 Ng6 11.Bb2 Bf5 12.d3 Qe7 13.O-O Rad8 14.a4 h5 15.Ba3 b6
16.Rac1 Qd7 17.Rfd1 h4 18.h3 Bxh3 19.gxh3 Qxh3 20.Nh2 Qf5 21.Qe1 h3 22.Kh1
Nh4 23.Qg1 Ng2 24.e4 Qh7 25.Rc2 Nf4 26.Bf3 Re6 27.Qg5 Rde8 28.Bc1 N6h5 29.
Bxh5 Nxh5 30.Qg4 Rg6 31.Qxh3 Ng3+ 32.Qxg3 Rxg3 33.fxg3 Qh3 34.Rg2 Re6 35.
Rf1 Rg6 36.Rf3 Qc8 37.g4 c6 38.Rgf2 f6 39.Rc2 Kf7 40.Be3 Ke6 41.Kg2 Qb7 
42.Kg3 Qd7 43.Rf5 Kf7 44.Nf3 Rxg4+ 45.Kxg4 g6 46.Nh4 gxf5+ 47.Nxf5 Ke6 48.
Rh2 cxb5 49.axb5 Qf7 50.Rh8 Qg6+ 51.Kf3 Qf7 52.Re8+ Kd7 53.Re7+ Qxe7 54.
Nxe7 Kxe7 55.Kg4 Ke6 56.Bf2 1-0

[Event "17th Africa-ch"]
[Site "Lagos NGR"]
[Date "2022.09.18"]
[Round "1"]
[White "Adu, Oladapo"]
[Black "Olape, Bunmi"]
[Result "1/2-1/2"]
[WhiteElo "2026"]
[BlackElo "2250"]
[EventDate "2022.09.18"]
[PlyCount "58"]

1.e4 e5 2.Nf3 Nf6 3.Nc3 d6 4.d4 Nbd7 5.Bc4 Be7 6.O-O O-O 7.Re1 c6 8.Bb3 
Qc7 9.a4 a5 10.h3 h6 11.Be3 Re8 12.Nh4 Bf8 13.Qf3 exd4 14.Bxd4 Ne5 15.Qe3 
Be6 16.f4 Ned7 17.Qf3 Bxb3 18.cxb3 Nh7 19.Qg3 f6 20.Qg6 Nc5 21.Nf5 Kh8 22.
Rad1 Nxb3 23.Bf2 Nc5 24.Re2 Ne6 25.g3 Red8 26.Red2 Nc5 27.Kg2 Nb3 28.Rd3 
Nc5 29.R3d2 Nb3 1/2-1/2

[Event "17th Africa-ch"]
[Site "Lagos NGR"]
[Date "2022.09.18"]
[Round "1"]
[White "Oragwu, Chukwunonso"]
[Black "Barcon, Harmon"]
[Result "1-0"]
[WhiteElo "2248"]
[BlackElo "1951"]
[EventDate "2022.09.18"]
[PlyCount "70"]

1.e4 e6 2.d4 d5 3.Nd2 Nf6 4.e5 Nfd7 5.Bd3 c5 6.c3 Nc6 7.Ne2 Qb6 8.Nf3 g6 
9.h4 cxd4 10.cxd4 Bb4+ 11.Kf1 h5 12.a3 Bf8 13.b4 Ne7 14.Bg5 Nf5 15.Rc1 Be7
16.Bxe7 Nxe7 17.Nc3 a6 18.Qd2 Qd8 19.Qf4 b5 20.Kg1 Nf5 21.Ng5 Nb6 22.f3 
Ra7 23.Kh2 Nc4 24.a4 Qb6 25.Bxf5 gxf5 26.axb5 axb5 27.Ra1 Ra6 28.Nh3 Rg8 
29.Nf2 Rh8 30.Nd3 Ra3 31.Rxa3 Nxa3 32.Ra1 Nc2 33.Rc1 Nxd4 34.Nxd5 exd5 35.
Rxc8+ Qd8 1-0

[Event "17th Africa-ch"]
[Site "Lagos NGR"]
[Date "2022.09.18"]
[Round "1"]
[White "Balogun, Oluwafemi Daniel"]
[Black "Apollos, Akomaka"]
[Result "1-0"]
[WhiteElo "2240"]
[BlackElo "1909"]
[EventDate "2022.09.18"]
[PlyCount "67"]

1.e4 d6 2.d4 Nf6 3.Nc3 c6 4.f4 g6 5.Nf3 Bg7 6.Bd3 Bg4 7.O-O O-O 8.h3 Bxf3 
9.Qxf3 Nbd7 10.e5 Ne8 11.Ne4 Qb6 12.Be3 Qd8 13.Rad1 Nb6 14.c3 Nc7 15.exd6 
exd6 16.f5 d5 17.Nc5 Rb8 18.Bf4 Nc4 19.Qg3 Na6 20.Nxa6 bxa6 21.Bxc4 Rxb2 
22.Bb3 Re8 23.Rde1 Ree2 24.Rxe2 Rxe2 25.fxg6 hxg6 26.Re1 Qe7 27.Rxe2 Qxe2 
28.Qe3 Qb2 29.Qe8+ Kh7 30.Qxf7 Kh8 31.Qe8+ Kh7 32.Qe3 c5 33.Qe7 cxd4 34.
Qh4+ 1-0

[Event "17th Africa-ch"]
[Site "Lagos NGR"]
[Date "2022.09.18"]
[Round "1"]
[White "Saah, Thomas"]
[Black "Aikhoje, Odion"]
[Result "0-1"]
[WhiteElo "1886"]
[BlackElo "2239"]
[EventDate "2022.09.18"]
[PlyCount "138"]

1.e4 Nf6 2.Nc3 d5 3.e5 Nfd7 4.d4 e6 5.f4 c5 6.Nf3 Nc6 7.Be3 a6 8.dxc5 Bxc5
9.Bxc5 Nxc5 10.Bd3 Bd7 11.O-O Qb6 12.Kh1 Qxb2 13.Qe1 Qb4 14.f5 h6 15.Rb1 
Qa5 16.f6 g5 17.h3 O-O-O 18.Rf2 Kb8 19.Bf1 Bc8 20.Rd1 Rd7 21.Nd4 Nxd4 22.
Rxd4 Ne4 23.Rf3 Nxc3 24.Qxc3 Qxc3 25.Rxc3 Rc7 26.Rxc7 Kxc7 27.Kh2 Kb6 28.
Kg3 Kc5 29.c3 h5 30.h4 Rg8 31.Kh3 g4+ 32.Kg3 Bd7 33.Be2 Bb5 34.Bd1 Bc4 35.
a3 b5 36.Kf4 a5 37.Ke3 Bf1 38.g3 Bc4 39.Bc2 Rh8 40.Rd1 Rg8 41.Kf4 Be2 42.
Re1 Bc4 43.Rb1 d4 44.cxd4+ Kxd4 45.Rd1+ Kc3 46.Be4 Kb3 47.Rd7 Rf8 48.Kg5 
Kxa3 49.Kh6 a4 50.Kg7 Rb8 51.Kxf7 Kb2 52.Ke7 a3 53.Ra7 a2 54.f7 b4 55.f8=Q
Rxf8 56.Kxf8 b3 57.Kg7 Kc3 58.Kh6 Kd4 59.Bh7 b2 60.Rxa2 Bxa2 61.Kxh5 b1=Q 
62.Bxb1 Bxb1 63.Kxg4 Kxe5 64.Kg5 Kd4 65.g4 e5 66.h5 e4 67.Kf6 e3 68.g5 e2 
69.g6 e1=Q 0-1

[Event "17th Africa-ch"]
[Site "Lagos NGR"]
[Date "2022.09.18"]
[Round "1"]
[White "Zhemba, Jemusse"]
[Black "Lesbros, Bernard"]
[Result "1-0"]
[WhiteElo "2232"]
[BlackElo "1884"]
[EventDate "2022.09.18"]
[PlyCount "27"]

1.d4 Nf6 2.c4 g6 3.Nc3 d5 4.cxd5 Nxd5 5.e4 Nxc3 6.bxc3 Bg7 7.Be3 c5 8.Rc1 
Qa5 9.Qd2 Nc6 10.Nf3 Bg4 11.d5 Bxf3 12.gxf3 Rd8 13.Be2 O-O 14.Kf1 1-0

[Event "17th Africa-ch"]
[Site "Lagos NGR"]
[Date "2022.09.18"]
[Round "1"]
[White "Mahamat, Hachim Bachar"]
[Black "Paiva, Donaldo"]
[Result "0-1"]
[WhiteElo "1815"]
[BlackElo "2207"]
[EventDate "2022.09.18"]
[PlyCount "68"]

1.e4 c5 2.Nf3 d6 3.d4 cxd4 4.Nxd4 Nf6 5.Nc3 a6 6.Be2 e6 7.Be3 Qc7 8.Qd2 b5
9.a3 Bb7 10.f3 Nbd7 11.O-O Be7 12.Rad1 O-O 13.Ndxb5 axb5 14.Nxb5 Qb8 15.
Nxd6 Bc6 16.Nc4 Bb5 17.Qc3 Rc8 18.Qb3 Nc5 19.Bxc5 Rxc5 20.Bd3 Qa7 21.Kh1 
Rb8 22.Qc3 Nd5 23.Qd4 Bf6 24.e5 Bxc4 25.Bxc4 Bxe5 26.Qxe5 Rxc4 27.Rd2 Qc7 
28.Qe2 h6 29.b3 Rc3 30.g3 Ne3 31.Rf2 Rb6 32.b4 Rxb4 33.h3 Rbb3 34.Qe1 Qxg3
0-1

[Event "17th Africa-ch"]
[Site "Lagos NGR"]
[Date "2022.09.18"]
[Round "1"]
[White "Wallace, O. Williams"]
[Black "Kigigha, Bomo Lovet"]
[Result "0-1"]
[WhiteElo "1725"]
[BlackElo "2196"]
[EventDate "2022.09.18"]
[PlyCount "150"]

1.e4 c5 2.Nf3 Nc6 3.Bb5 e6 4.d4 cxd4 5.Bxc6 dxc6 6.Qxd4 Qxd4 7.Nxd4 e5 8.
Nf3 f6 9.Be3 Be6 10.Nbd2 Ne7 11.Nh4 g5 12.Nhf3 Ng6 13.Nb3 b6 14.O-O-O Be7 
15.g3 Bh3 16.Ne1 Kf7 17.f3 Rad8 18.Rg1 Rxd1+ 19.Kxd1 Rd8+ 20.Kc1 Be6 21.
Ng2 h5 22.Rd1 f5 23.Rxd8 Bxd8 24.exf5 Bxf5 25.Nd2 g4 26.f4 Bc7 27.fxe5 
Bxe5 28.Bf2 Nf8 29.Nc4 Bc7 30.Nf4 Bxf4+ 31.gxf4 Ke6 32.Ne5 Be4 33.Kd2 Kf5 
34.Bg3 Ne6 35.Ke3 c5 36.c3 Nc7 37.c4 Bb1 38.a3 Ne8 39.Nc6 Nd6 40.Ne5 Ke6 
41.Be1 Nf5+ 42.Kd2 Be4 43.Bf2 Nd4 44.Bg3 Bb7 45.Bf2 Kf5 46.Bg3 Ke4 47.b4 
cxb4 48.axb4 a5 49.bxa5 bxa5 50.Nd7 Nf3+ 51.Kc3 Kf5 52.Nc5 Bc6 53.Nb3 h4 
54.Bxh4 Nxh4 55.Nd4+ Kxf4 56.Nxc6 Nf3 57.Nd4 Ke4 58.Ne2 Nxh2 59.Ng3+ Ke5 
60.Kb3 Kd4 61.Ka4 Kxc4 62.Kxa5 Nf3 63.Kb6 Nd4 64.Ka5 Nf3 65.Kb6 Ne5 66.Nf5
Kd3 67.Kc5 Ke4 68.Ng3+ Kf3 69.Nf5 Ke4 70.Ng3+ Kf3 71.Nf5 Nd3+ 72.Kd5 Kf4 
73.Nd4 Nc1 74.Ke6 g3 75.Kd5 g2 0-1

[Event "17th Africa-ch"]
[Site "Lagos NGR"]
[Date "2022.09.18"]
[Round "1"]
[White "Kabwe, Timothy"]
[Black "Fomevor, Cephas Clinton"]
[Result "1-0"]
[WhiteElo "2206"]
[BlackElo "1803"]
[EventDate "2022.09.18"]
[PlyCount "131"]

1.d4 d5 2.c4 e6 3.Nc3 Nf6 4.Bg5 Be7 5.e3 h6 6.Bf4 b6 7.Qa4+ Bd7 8.Qc2 O-O 
9.Nf3 c5 10.dxc5 Bxc5 11.cxd5 exd5 12.Rd1 Be6 13.Bb5 a6 14.Ba4 Qe7 15.O-O 
b5 16.Bb3 Rd8 17.Be5 Nbd7 18.Bxd5 Rac8 19.Bxe6 Qxe6 20.Bxf6 Qxf6 21.Qe2 
Qe6 22.Nd4 Qg6 23.Nd5 Ne5 24.Nf3 Nxf3+ 25.Qxf3 Qc2 26.b4 Bf8 27.a3 Qb3 28.
e4 Qb2 29.g3 Re8 30.Rd3 Rc4 31.Re1 Qe5 32.Rde3 Re6 33.Qf4 Qb2 34.Rf3 f6 
35.Qg4 Rec6 36.Kg2 Qe5 37.Rf5 Qb2 38.Qg6 Qd4 39.Qe8 Qa7 40.e5 Qf7 41.exf6 
Qxe8 42.Rxe8 gxf6 43.Nxf6+ Kf7 44.Ra8 Kg6 45.Rf3 Bxb4 46.Nd7 Bc3 47.Nb8 
Rc8 48.Rxa6+ Kh7 49.Rb6 b4 50.axb4 Bxb4 51.Nd7 R8c7 52.Nf6+ Kh8 53.Rxb4 
Rxb4 54.Nd5 Rbc4 55.Nxc7 Rxc7 56.Rf6 Kg7 57.Ra6 Rb7 58.g4 Rc7 59.Kg3 Rb7 
60.h4 Rc7 61.g5 hxg5 62.hxg5 Rb7 63.Kg4 Rc7 64.f4 Rb7 65.f5 Rc7 66.Kh5 1-0

[Event "17th Africa-ch"]
[Site "Lagos NGR"]
[Date "2022.09.18"]
[Round "1"]
[White "Okeke, Isaac Chukwudalu"]
[Black "Botsoe, Koffi"]
[Result "1-0"]
[WhiteElo "2180"]
[BlackElo "1629"]
[EventDate "2022.09.18"]
[PlyCount "39"]

1.e4 e5 2.Nf3 Nc6 3.d4 exd4 4.Nxd4 d6 5.Bc4 Ne5 6.Be2 a6 7.O-O c5 8.Nf3 
Qc7 9.Nc3 Ne7 10.Nxe5 dxe5 11.Bc4 Nc6 12.f4 b5 13.Bd5 Bb7 14.fxe5 Nxe5 15.
Bf4 f6 16.Bxe5 fxe5 17.Bxb7 Qxb7 18.Qh5+ Kd8 19.Rad1+ Kc7 20.Rf7+ 1-0

[Event "17th Africa-ch"]
[Site "Lagos NGR"]
[Date "2022.09.18"]
[Round "1"]
[White "Amega-Dzaka, Komi Nukunu"]
[Black "Mulenga, Prince Daniel"]
[Result "0-1"]
[WhiteElo "1621"]
[BlackElo "2171"]
[EventDate "2022.09.18"]
[PlyCount "54"]

1.d4 Nf6 2.Nf3 g6 3.Bf4 Bg7 4.e3 d6 5.Bd3 O-O 6.Nbd2 Nc6 7.O-O Nh5 8.Bg5 
h6 9.Bh4 Qe8 10.c3 e5 11.Ne1 f5 12.f3 f4 13.dxe5 fxe3 14.Nc4 g5 15.Bg3 
Nxg3 16.hxg3 Bxe5 17.g4 Bg3 18.Nc2 Bf2+ 19.Kh1 h5 20.Be2 hxg4 21.Qd5+ Rf7 
22.N4xe3 Be6 23.Qxg5+ Rg7 24.Qxg7+ Kxg7 25.Rxf2 Qh5+ 26.Kg1 Rh8 27.Kf1 
Qh1# 0-1

[Event "17th Africa-ch"]
[Site "Lagos NGR"]
[Date "2022.09.19"]
[Round "2"]
[White "Amin, Bassem"]
[Black "Balogun, Oluwafemi Daniel"]
[Result "1-0"]
[WhiteElo "2663"]
[BlackElo "2240"]
[EventDate "2022.09.18"]
[PlyCount "61"]

1.e4 c5 2.Nf3 Nc6 3.Bb5 g6 4.Bxc6 dxc6 5.d3 Bg7 6.h3 Nf6 7.Nc3 O-O 8.Be3 
b6 9.Qd2 e5 10.a4 Qc7 11.a5 Ba6 12.O-O Rfd8 13.b3 Ne8 14.Bh6 Bh8 15.Nh2 b5
16.Qe3 Qd6 17.Rad1 Bc8 18.Ne2 Nc7 19.f4 Ne6 20.f5 Nd4 21.Rd2 f6 22.Ng3 a6 
23.Ng4 Ra7 24.Rdf2 gxf5 25.exf5 Kf7 26.Ne4 Qe7 27.Qg3 Ke8 28.Qh4 Rd6 29.
Nxc5 Qd8 30.b4 Rf7 31.c3 1-0

[Event "17th Africa-ch"]
[Site "Lagos NGR"]
[Date "2022.09.19"]
[Round "2"]
[White "John, Henry"]
[Black "Adly, Ahmed"]
[Result "0-1"]
[WhiteElo "2245"]
[BlackElo "2578"]
[EventDate "2022.09.18"]
[PlyCount "128"]

1.e4 c5 2.Nf3 Nf6 3.Nc3 Nc6 4.Bb5 g6 5.O-O Bg7 6.Re1 O-O 7.e5 Ne8 8.Bxc6 
dxc6 9.d3 Nc7 10.h3 Be6 11.Be3 b6 12.Qd2 Bd5 13.Nxd5 cxd5 14.Bh6 Qd7 15.
Qf4 Qf5 16.Qxf5 gxf5 17.Bg5 Rfe8 18.c3 Rac8 19.Rad1 h6 20.Be3 Kh7 21.d4 
cxd4 22.Nxd4 e6 23.Bf4 Rg8 24.Kf1 Bf8 25.Re3 Na6 26.Rg3 Bg7 27.Re3 Nc5 28.
f3 h5 29.Re2 a6 30.Rc2 Nd7 31.Re2 Nf8 32.Bh2 Bh6 33.Rde1 h4 34.Bg1 Ng6 35.
Bh2 Rg7 36.Rf2 Rcg8 37.f4 Rc8 38.Re3 Rgg8 39.Ref3 Rc4 40.Ke2 Ra4 41.a3 Rc8
42.Rf1 Nf8 43.Rd3 Kg6 44.Bg1 Nd7 45.g4 hxg3 46.Rxg3+ Kh7 47.Be3 Rg8 48.
Rxg8 Kxg8 49.Kf3 Rc4 50.Bf2 Nc5 51.Ke3 Kh7 52.Bh4 Ne4 53.Bd8 Rc8 54.Bh4 
Rg8 55.Ne2 Bf8 56.b4 Rg2 57.Bd8 b5 58.h4 Rh2 59.Bg5 Rh3+ 60.Rf3 Rh1 61.Kd3
Rd1+ 62.Ke3 Ra1 63.a4 bxa4 64.Kd4 a3 0-1

[Event "17th Africa-ch"]
[Site "Lagos NGR"]
[Date "2022.09.19"]
[Round "2"]
[White "Rakotomaharo, Fy Antenaina"]
[Black "Zhemba, Jemusse"]
[Result "1-0"]
[WhiteElo "2492"]
[BlackElo "2232"]
[EventDate "2022.09.18"]
[PlyCount "93"]

1.d4 d5 2.c4 c6 3.Nc3 Nf6 4.e3 g6 5.Nf3 Bg7 6.Be2 O-O 7.O-O dxc4 8.Bxc4 
Nfd7 9.e4 b5 10.Bb3 Bb7 11.Be3 a6 12.Rc1 Nf6 13.e5 Nd5 14.Ne4 Bc8 15.h3 h6
16.Qd2 Kh7 17.Rfe1 a5 18.a3 Qb6 19.Nh2 Bf5 20.Nc5 Na6 21.g4 Bc8 22.f4 Rd8 
23.Nf3 a4 24.Ba2 Nxc5 25.Rxc5 Be6 26.Bb1 Nc7 27.f5 Qxc5 28.dxc5 Rxd2 29.
Bxd2 Bd5 30.Nh4 Kg8 31.fxg6 fxg6 32.Nxg6 Re8 33.g5 hxg5 34.Bxg5 Bf8 35.h4 
Ne6 36.Be3 Ng7 37.Kh2 Nh5 38.Rg1 Bg7 39.Bg5 Kf7 40.Rf1+ Kg8 41.Bf5 Bf8 42.
Bd7 Rb8 43.Bxe7 Bh6 44.Bd6 Rd8 45.e6 Ng7 46.Ne7+ Kh7 47.Nxd5 1-0

[Event "17th Africa-ch"]
[Site "Lagos NGR"]
[Date "2022.09.19"]
[Round "2"]
[White "Aikhoje, Odion"]
[Black "Ortega, Amarelle Mariano"]
[Result "0-1"]
[WhiteElo "2239"]
[BlackElo "2474"]
[EventDate "2022.09.18"]
[PlyCount "76"]

1.Nf3 d5 2.d4 Nf6 3.Bf4 c5 4.c3 Nc6 5.e3 Nh5 6.Be5 f6 7.Bg3 Qb6 8.Qb3 Nxg3
9.hxg3 e6 10.Nbd2 Bd7 11.Bd3 f5 12.Qxb6 axb6 13.a3 c4 14.Bc2 Bd6 15.Nh4 g5
16.Nhf3 g4 17.Ng1 h5 18.Ne2 Ne7 19.Nf4 Rh6 20.f3 O-O-O 21.Ke2 Rdh8 22.Rh2 
Be8 23.Rah1 b5 24.Nf1 Bf7 25.e4 dxe4 26.fxe4 fxe4 27.Bxe4 e5 28.dxe5 Bxe5 
29.Nd2 Rd8 30.Rf1 Rhd6 31.Nb1 Bxf4 32.Rxf4 Re6 33.Kf2 Bg6 34.Bxg6 Nxg6 35.
Rh1 Nxf4 36.gxf4 h4 37.a4 Rd3 38.Rf1 bxa4 0-1

[Event "17th Africa-ch"]
[Site "Lagos NGR"]
[Date "2022.09.19"]
[Round "2"]
[White "Hesham, Abdelrahman"]
[Black "Kabwe, Timothy"]
[Result "1/2-1/2"]
[WhiteElo "2374"]
[BlackElo "2206"]
[EventDate "2022.09.18"]
[PlyCount "117"]

1.e4 e6 2.d4 d5 3.e5 c5 4.c3 Nc6 5.Nf3 Qb6 6.Be2 cxd4 7.cxd4 Nge7 8.Na3 
Nf5 9.Nc2 Bb4+ 10.Kf1 Be7 11.b4 a6 12.Rb1 Bd7 13.g4 Nh4 14.Nxh4 Bxh4 15.
Be3 f6 16.exf6 Bxf6 17.a4 O-O 18.g5 Be7 19.Bd3 Be8 20.h4 Qc7 21.Kg2 e5 22.
b5 axb5 23.axb5 exd4 24.Nxd4 Nxd4 25.Bxd4 Ra3 26.Re1 Qd7 27.Re3 Bd6 28.Qe2
Rxd3 29.Rxd3 Bg6 30.Rbb3 Be4+ 31.Kg1 Rf4 32.Re3 Rxh4 33.f3 Qf5 34.Qg2 Rh2 
35.Qg4 Qxg4+ 36.fxg4 Rg2+ 37.Kf1 Rxg4 38.Rec3 Bf5 39.Bc5 Be5 40.Rf3 g6 41.
Rbe3 Be4 42.Rf8+ Kg7 43.Re8 Rxg5 44.Ra3 Rf5+ 45.Ke2 Bb2 46.Ra2 Bc3 47.Re7+
Kh6 48.Ra3 Bf3+ 49.Kd3 d4 50.Bxd4 Bxd4 51.Kxd4 g5 52.Rae3 g4 53.R3e6+ Kg5 
54.Rxh7 Rxb5 55.Re5+ Rxe5 56.Kxe5 b5 57.Rg7+ Kh4 58.Kf4 Kh3 59.Rg5 1/2-1/2